House price index (Record no. 113276)
[ view plain ]
| 000 -LEADER | |
|---|---|
| fixed length control field | 01584cad a22002295a 4500 |
| 001 - CONTROL NUMBER | |
| control field | L154996 |
| 008 - FIXED-LENGTH DATA ELEMENTS--GENERAL INFORMATION | |
| fixed length control field | 120215e20120214xxkd f s f000 0 eng d |
| 035 ## - SYSTEM CONTROL NUMBER | |
| System control number | (Sirsi) u154996 |
| 041 0# - LANGUAGE CODE | |
| Language code of text/sound track or separate title | eng |
| 110 1# - MAIN ENTRY--CORPORATE NAME | |
| Corporate name or jurisdiction name as entry element | United Kingdom |
| Subordinate unit | Department for Communities and Local Government |
| 9 (RLIN) | 4939 |
| 245 00 - TITLE STATEMENT | |
| Title | House price index |
| Remainder of title | December 2011 |
| Medium | [electronic resource] |
| 260 ## - PUBLICATION, DISTRIBUTION, ETC. | |
| Place of publication, distribution, etc. | London |
| Name of publisher, distributor, etc. | DCLG |
| Date of publication, distribution, etc. | 2012 |
| 490 #0 - SERIES STATEMENT | |
| Series statement | DCLG House Price Index |
| Volume/sequential designation | December 2011 |
| 520 ## - SUMMARY, ETC. | |
| Summary, etc. | UK house prices increased by 0.1% since December 2010 and by 0.4% since November 2011. The mix-adjusted average house price was £205 269 in December 2011 (not seasonally adjusted). UK house prices increased by 0.4% in the quarter ending December 2011 compared with 0.6% in the quarter ending September 2011(seasonally adjusted). Annual average house prices increased by 0.5% in England but fell by 4.6% in Scotland, 1.6% in Wales and 8.1% in Northern Ireland. Annual average house prices paid by first time buyers in December were 1.6% higher than a year ago. Average house prices paid by former owner occupiers decreased by 0.5%. Annual average house prices paid for new properties in December 2011 were 9.5% higher than a year ago. By comparison average house prices paid on pre-owned dwellings were 0.6% lower. |
| 521 ## - TARGET AUDIENCE NOTE | |
| Target audience note | Advanced |
| 590 ## - LOCAL NOTE (RLIN) | |
| Local note | KA NTK |
| 650 24 - SUBJECT ADDED ENTRY--TOPICAL TERM | |
| Topical term or geographic name entry element | DCLG HOUSE PRICE INDEX |
| 651 #4 - SUBJECT ADDED ENTRY--GEOGRAPHIC NAME | |
| Geographic name | United Kingdom |
| Chronological subdivision | |
| 690 ## - LOCAL SUBJECT ADDED ENTRY--TOPICAL TERM (OCLC, RLIN) | |
| Topical term or geographic name as entry element | Residential property |
| 9 (RLIN) | 6266 |
| 856 40 - ELECTRONIC LOCATION AND ACCESS | |
| Uniform Resource Identifier | <a href="https://www.communities.gov.uk/documents/statistics/pdf/2088161.pdf">https://www.communities.gov.uk/documents/statistics/pdf/2088161.pdf</a> |
| Public note | View this item free of charge at www.communities.gov.uk |
| 942 ## - ADDED ENTRY ELEMENTS (KOHA) | |
| Suppress in OPAC | 0 |
| Withdrawn status | Lost status | Source of classification or shelving scheme | Damaged status | Not for loan | Home library | Current library | Shelving location | Date acquired | Total Checkouts | Full call number | Barcode | Date last seen | Copy number | Price effective from | Koha item type |
|---|---|---|---|---|---|---|---|---|---|---|---|---|---|---|---|
| Dewey Decimal Classification | Virtual | Virtual | Online | 15/02/2012 | ONLINE PUBLICATION | 154996-2001 | 06/08/2019 | 1 | 06/08/2019 | Book |